Statistics for Countries with Highest Homicide Rates

Click here to take the quiz!

General Stats

  • This quiz has been taken 177 times
    (57 since last reset)
  • The average score is 9 of 18

Answer Stats

Homicide RateCountry% Correct
91.6Honduras
94%
31.4Colombia
89%
45.1Venezuela
89%
69.2El Salvador
87%
31.8South Africa
85%
38.5Guatemala
79%
41.4Belize
74%
40.9Jamaica
70%
35.2Lesotho
51%
30.8Congo
36%
27.4Bahamas
32%
38.0Zambia
23%
36.0Malawi
19%
38.2Saint Kitts and Nevis
19%
36.3Uganda
17%
56.9Ivory Coast
15%
35.2Trinidad and Tobago
9%
29.3Central African Republic
4%

Score Distribution

Percentile by Number Answered

Percent of People with Each Score

Your Score History

You have not taken this quiz since the last reset